[Event "Nichelino op 12th"]
[Site "Nichelino"]
[Date "2011.10.08"]
[Round "3"]
[White "Crepaldi, Manuele"]
[Black "Davter, Mauro"]
[Result "1/2-1/2"]
[WhiteElo "1842"]
[BlackElo "1744"]
[PlyCount "114"]
[EventDate "2011.10.06"]
[EventType "swiss"]
[EventRounds "6"]
[EventCountry "ITA"]
[SourceTitle "EXT 2023"]
[Source "ChessBase"]
[SourceDate "2022.10.05"]
[SourceVersion "1"]
[SourceVersionDate "2022.10.05"]
[SourceQuality "1"]

1. d4 Nf6 2. Nf3 e6 3. Nbd2 d5 4. e3 b6 5. Bd3 Bb7 6. 0-0 c5 7. c3 c4 8. Bc2 Bd6 9. b3 b5 10. bxc4 bxc4 11. Rb1 Qc7 12. Re1 Ne4 13. Nxe4 dxe4 14. Rxb7 Qxb7 15. Ba4+ Nd7 16. Ne5 Bxe5 17. dxe5 0-0-0 18. Qd4 Nb6 19. Qc5+ Qc7 20. Qb5 Rd5 21. Qb4 Nxa4 22. Qxa4 Ra5 23. Qb4 Rd8 24. Ba3 Rad5 25. Qa4 Ra5 26. Qb4 Rxe5 27. Rb1 Red5 28. Qa4 a5 29. g3 Rd2 30. Kg2 Rxa2 31. Qb5 Rdd2 32. Qa6+ Kd8 33. Qa8+ Kd7 34. Rb7 Rxf2+ 35. Kh3 Rxh2+ 36. Kg4 f5+ 37. Kg5 h6+ 38. Kg6 Rxa3 39. Rxc7+ Kxc7 40. Qa7+ Kc6 41. Qa8+ Kc7 42. Qf8 Rb3 43. Qxg7+ Kc6 44. Qd4 Kb5 45. g4 Ka4 46. Qxc4+ Ka3 47. gxf5 exf5 48. Kxf5 Rh5+ 49. Kg4 Rbb5 50. Kg3 Rbg5+ 51. Kf2 Rf5+ 52. Kg2 Rhg5+ 53. Kh2 Rf2+ 54. Kh3 Rf3+ 55. Kh2 Rh5+ 56. Kg2 Rg5+ 57. Kh2 Rh5+ 1/2-1/2

[Event "Nichelino op 12th"]
[Site "Nichelino"]
[Date "2011.10.07"]
[Round "2"]
[White "Benenati, Gianfranco"]
[Black "Davter, Mauro"]
[Result "1-0"]
[WhiteElo "1800"]
[BlackElo "1744"]
[PlyCount "101"]
[EventDate "2011.10.06"]
[EventType "swiss"]
[EventRounds "6"]
[EventCountry "ITA"]
[SourceTitle "EXT 2023"]
[Source "ChessBase"]
[SourceDate "2022.10.05"]
[SourceVersion "1"]
[SourceVersionDate "2022.10.05"]
[SourceQuality "1"]

1. e4 c5 2. Nf3 Nc6 3. d4 cxd4 4. Nxd4 e5 5. Nf3 Nf6 6. Bd3 Bc5 7. Nc3 0-0 8. 0-0 d6 9. h3 Be6 10. Na4 Qc7 11. Nxc5 dxc5 12. Be3 b6 13. Qe2 Rad8 14. Bg5 Qe7 15. c3 h6 16. Bh4 Rd6 17. Bb5 Bc8 18. Nh2 g5 19. Bg3 Nb8 20. Nf3 Nfd7 21. Rad1 a6 22. Rxd6 Qxd6 23. Rd1 Qe7 24. Ba4 b5 25. Bc2 Nc6 26. a4 c4 27. b4 f6 28. Nh2 Nd8 29. axb5 axb5 30. Rd5 Ba6 31. Qd2 Nb6 32. Rd6 Qc7 33. Qd1 Nb7 34. Rd2 Rd8 35. Ng4 Kg7 36. Ne3 Nd6 37. Nf5+ Nxf5 38. Rxd8 Ne7 39. Rd2 Ng6 40. Qg4 Bc8 41. Qd1 Ne7 42. f3 Be6 43. Bf2 Nd7 44. Rd6 Kf7 45. f4 Nf8 46. fxe5 fxe5 47. Bc5 Nd7 48. Qh5+ Ng6 49. Rxe6 Kxe6 50. Qxg6+ Nf6 51. Bd1 1-0

[Event "Nichelino op 12th"]
[Site "Nichelino"]
[Date "2011.10.06"]
[Round "1"]
[White "Davter, Mauro"]
[Black "Bisi, Samuele"]
[Result "0-1"]
[WhiteElo "1744"]
[BlackElo "1998"]
[PlyCount "60"]
[EventDate "2011.10.06"]
[EventType "swiss"]
[EventRounds "6"]
[EventCountry "ITA"]
[SourceTitle "EXT 2023"]
[Source "ChessBase"]
[SourceDate "2022.10.05"]
[SourceVersion "1"]
[SourceVersionDate "2022.10.05"]
[SourceQuality "1"]

1. Nf3 Nf6 2. c4 e6 3. Nc3 c5 4. g3 Nc6 5. Bg2 Be7 6. 0-0 0-0 7. d4 cxd4 8. Nxd4 d5 9. cxd5 exd5 10. h3 Re8 11. Be3 Be6 12. Rc1 Qd7 13. Kh2 h5 14. Bf4 h4 15. e3 Nh7 16. Ncb5 g5 17. Nxe6 fxe6 18. Qg4 Kh8 19. Bxd5 Qxd5 20. Nc7 Qxa2 21. Nxe6 Bf6 22. Nxg5 hxg3+ 23. Qxg3 Bxg5 24. Bxg5 Qd5 25. Qc7 Nxg5 26. Rcd1 Nf3+ 27. Kh1 Qe4 28. Rd6 Nh4+ 29. f3 Qxe3 30. Rh6+ Qxh6 0-1

[Event "Nichelino op 11th"]
[Site "Nichelino"]
[Date "2010.10.02"]
[Round "4"]
[White "Bullita, Simone"]
[Black "Davter, Mauro"]
[Result "1/2-1/2"]
[WhiteElo "1738"]
[BlackElo "1713"]
[PlyCount "96"]
[EventDate "2010.09.30"]
[EventType "swiss"]
[EventRounds "6"]
[EventCountry "ITA"]
[SourceTitle "EXT 2024"]
[Source "ChessBase"]
[SourceDate "2023.10.10"]
[SourceVersion "1"]
[SourceVersionDate "2023.10.10"]
[SourceQuality "1"]

1. d4 Nf6 2. Nd2 d5 3. e3 Bf5 4. Ngf3 Nbd7 5. Bd3 Bxd3 6. cxd3 e6 7. Ne5 c5 8. Nb3 cxd4 9. Nxd7 Qxd7 10. Nxd4 Bc5 11. Nb3 Bd6 12. 0-0 0-0 13. Bd2 Rac8 14. Rc1 Rxc1 15. Nxc1 Rc8 16. Bc3 e5 17. Qb3 b6 18. Ne2 Qc7 19. h3 a6 20. Rc1 Qb7 21. Bd2 Rxc1+ 22. Nxc1 Qc6 23. Qc3 Qxc3 24. Bxc3 Nd7 25. Ne2 b5 26. d4 b4 27. Bd2 e4 28. Kf1 Nb6 29. b3 a5 30. Ke1 f5 31. h4 Kf7 32. g3 h6 33. Kf1 g5 34. hxg5 hxg5 35. Kg2 Na8 36. a4 Nc7 37. Kh3 Ne6 38. Kg2 Bc7 39. Kh3 Bb6 40. Kg2 f4 41. gxf4 gxf4 42. Nxf4 Nxf4+ 43. exf4 Bxd4 44. Be3 Bxe3 45. fxe3 Kf6 46. Kf2 Kf5 47. Kg3 Kf6 48. Kg4 Kg6 1/2-1/2

[Event "Nichelino op 11th"]
[Site "Nichelino"]
[Date "2010.10.01"]
[Round "2"]
[White "Araniti, Michelangelo"]
[Black "Davter, Mauro"]
[Result "1-0"]
[WhiteElo "1774"]
[BlackElo "1713"]
[PlyCount "69"]
[EventDate "2010.09.30"]
[EventType "swiss"]
[EventRounds "6"]
[EventCountry "ITA"]
[SourceTitle "EXT 2024"]
[Source "ChessBase"]
[SourceDate "2023.10.10"]
[SourceVersion "1"]
[SourceVersionDate "2023.10.10"]
[SourceQuality "1"]

1. Nf3 Nf6 2. d4 e6 3. g3 d5 4. Bg2 Be7 5. 0-0 0-0 6. Nc3 Nbd7 7. Ne5 c5 8. e4 Nxe5 9. dxe5 Nd7 10. exd5 Nxe5 11. Qe2 Ng6 12. h4 Re8 13. dxe6 Bxe6 14. h5 Nf8 15. Bxb7 Rb8 16. Bc6 Nd7 17. Rd1 Qc8 18. Bd5 Bh3 19. Bf4 Rxb2 20. Rdb1 Bd6 21. Qc4 Rxb1+ 22. Rxb1 Nb6 23. Bxf7+ Kh8 24. Qd3 Bxf4 25. Bxe8 Qxe8 26. gxf4 Qc8 27. Rd1 Bd7 28. h6 gxh6 29. Kh2 Qd8 30. Qg3 Qf6 31. Ne4 Qg6 32. Qc3+ Kg8 33. Rg1 Bg4 34. Rxg4 Qxg4 35. Nf6+ 1-0

[Event "Turin Piemonte op 9th"]
[Site "Turin"]
[Date "2009.09.20"]
[Round "4"]
[White "Davter, Mauro"]
[Black "Femia, Nicola"]
[Result "0-1"]
[WhiteElo "1611"]
[BlackElo "1840"]
[PlyCount "107"]
[EventDate "2009.09.18"]
[EventType "swiss"]
[EventRounds "5"]
[EventCountry "ITA"]
[SourceTitle "EXT 2012"]
[Source "ChessBase"]
[SourceDate "2011.11.24"]
[SourceVersion "1"]
[SourceVersionDate "2011.11.24"]
[SourceQuality "1"]

1. Nf3 d5 2. d4 e6 3. c4 Nf6 4. g3 Be7 5. Bg2 0-0 6. 0-0 c6 7. Qc2 Nbd7 8. b3 Re8 9. Nbd2 Nf8 10. Ne5 Bd7 11. Rd1 h6 12. e4 dxe4 13. Nxe4 Nxe4 14. Bxe4 f5 15. Bg2 Qc8 16. Bb2 Rd8 17. d5 cxd5 18. Nxd7 Rxd7 19. Rac1 dxc4 20. Rxd7 Nxd7 21. Qxc4 Qxc4 22. Rxc4 Bf6 23. Bxf6 Nxf6 24. Bxb7 Rd8 25. Rc8 Rxc8 26. Bxc8 Kf7 27. Bb7 Ke7 28. Kf1 Kd6 29. b4 Ng4 30. h3 Ne5 31. Ke2 Nc4 32. Kd3 Nb6 33. f4 e5 34. fxe5+ Kxe5 35. Bf3 g5 36. Bd1 Nd5 37. a3 f4 38. g4 Nc7 39. a4 Nd5 40. b5 Kd6 41. Kd4 Nc7 42. Bf3 Ne6+ 43. Kc4 Ke5 44. a5 Kd6 45. b6 axb6 46. axb6 Nf8 47. Kd4 Nd7 48. b7 Kc7 49. Ke4 Kxb7 50. Kf5+ Kc7 51. Kg6 Ne5+ 52. Kxh6 Nxf3 53. Kg6 Kd6 54. Kf5 0-1

[Event "Turin Piemonte op 9th"]
[Site "Turin"]
[Date "2009.09.19"]
[Round "3"]
[White "Davter, Mauro"]
[Black "Loccisano, Giuseppe"]
[Result "1-0"]
[WhiteElo "1611"]
[BlackElo "1803"]
[PlyCount "63"]
[EventDate "2009.09.18"]
[EventType "swiss"]
[EventRounds "5"]
[EventCountry "ITA"]
[SourceTitle "EXT 2012"]
[Source "ChessBase"]
[SourceDate "2011.11.24"]
[SourceVersion "1"]
[SourceVersionDate "2011.11.24"]
[SourceQuality "1"]

1. Nf3 Nf6 2. c4 g6 3. Nc3 d5 4. cxd5 Nxd5 5. Qa4+ c6 6. Qd4 f6 7. e4 Nxc3 8. Qxd8+ Kxd8 9. dxc3 e5 10. Be3 Be6 11. 0-0-0+ Kc7 12. Kb1 Nd7 13. Be2 Bc5 14. Rxd7+ Bxd7 15. Bxc5 f5 16. Rd1 Rhe8 17. Nxe5 Be6 18. Bd6+ Kb6 19. exf5 Bxf5+ 20. Kc1 a5 21. Nc4+ Ka7 22. Bc5+ Kb8 23. Bb6 Be6 24. Rd8+ Rxd8 25. Bxd8 b5 26. Nxa5 Kc8 27. Nxc6 b4 28. Ba5 bxc3 29. Bxc3 Rxa2 30. Kd2 Kc7 31. Nd4 Bd7 32. f4 1-0